000 01048njm a2200289Ia 4500
001 A3471
003 IT-RoPAU
005 20220918181138.0
008 131025s9999 xx 000 0 und d
040 _aIT-RoPAU
040 _cIT-RoPAU
999 _c101034
_d101034
999 _bn.d.
100 _aU2
_917557
100 _eAutore musica
_927985
100 _gCodice autore musica SPICS: 13123
_917559
245 _aAchtung Baby
250 _a1a ed.
260 _aLONDON
260 _bISLAND RECORDS
_c1991 [1a Ed.:1991 - Ed. Lingua Orig.: 1991]
300 _aCOMPACT DISC
300 _c58 minuti (Testo: 0 pag.)
500 _aMusica rock
505 _aZoo Station - Even Better Than the Real Thing - One - Until the End of the World - Who's Gonna Ride Your Wild Horses - So Cruel - The Fly - Mysterious Ways - Tryin' To Throw Your Arms Around the World - Ultra Violet - Acrobat - Love Is Blindness
650 _aROCK [COMPACT DISC]
_eCodice MATERIA SPICS: 9949
_927986
700 _aU2
_gCodice interprete SPICS: 13123
_eInterprete
_927987
942 _cCD
_2ddc